000 00269nam a22001217a 4500
008 181031b xxu||||| |||| 00| 0 eng d
041 _aeng
080 _a101
100 _a25
101 _aFIL
245 _aThe Cosolation Philosophy
_cLangston.D.C
942 _2udc
_cBK
999 _c51251
_d51251